Nad jakimi rzekami leżą miasta województwa opolskiego? - Statystyki

Ogólne statystyki
  • Ten quiz został rozwiązany 5 razy
  • Średni wynik to 17 z 38
Statystyki odpowiedzi
Hint Odpowiedź % Poprawnych
Paczków Nysa Kłodzka/Kamienica
100%
Otmuchów Nysa Kłodzka/Maciejowski Potok
100%
Nysa Nysa Kłodzka/Płuta
100%
Lewin Brzeski Nysa Kłodzka/Ścinawa Niemodlińska
100%
Zdzieszowice Odra
100%
Kędzierzyn-Koźle Odra/Kłodnica
100%
Brzeg Odra/Kościelna
100%
Opole Odra/Mała Panew/Prószkowski Potok/Chrząstawa
100%
Krapkowice Odra/Osobołoga
100%
Ujazd Kłodnica
60%
Ozimek Mała Panew
60%
Zawadzkie Mała Panew
60%
Kolonowskie Mała Panew/Bziniczka
60%
Strzeleczki Biała
40%
Biała Biała/Jordan/Jaryszówka
40%
Gorzów Śląski Liswarta/Piaska
40%
Praszka Liswarta/Wyderka
40%
Głubczyce Psina
40%
Baborów Psina
40%
Niemodlin Ścinawa Niemodlińska
40%
Tułowice Ścinawa Niemodlińska
40%
Korfantów Ścinawa Niemodlińska
40%
Głuchołazy Biała Głuchołaska
20%
Grodków Grodkowska Struga
20%
Leśnica Padół/Cedruń
20%
Prószków Potok Prószkowski
20%
Prudnik Prudnik/Zloty Potok
20%
Kluczbork Stobrawa
20%
Olesno Stobrawa/Młynówka
20%
Kietrz Troja/Morawa
20%
Namysłów Widawa/Namysłówka/Chełszcząca
20%
Strzelce Opolskie brak
0%
Głogówek brak
0%
Byczyna brak
0%
Dobrodzień Myślinka
0%
Branice Wilżyna
0%
Wołczyn Wołczyński Strumień
0%
Gogolin Zakrzówka
0%
Nie znaleziono quizów pasujących do podanych kryteriów
Rozkład punktacji
Procent ludzi z każdym wynikiem
Percentyl według liczby udzielonych odpowiedzi
Twoja historia wyników
Nie rozwiązałeś tego quizu